| Tag |
First Indicator |
Second Indicator |
Subfields |
| LEADER |
00000cam a2200000Ma 4500 |
| 001 |
in00003545721 |
| 006 |
m o d |
| 007 |
cr ||||||||||| |
| 008 |
130418s1987 gw oi 000 0 eng d |
| 005 |
20260421170821.2 |
| 020 |
|
|
|a 9783662116616 (electronic bk.)
|
| 020 |
|
|
|a 3662116618 (electronic bk.)
|
| 020 |
|
|
|z 9783662116630
|
| 024 |
7 |
|
|a 10.1007/978-3-662-11661-6
|2 doi
|
| 035 |
|
|
|a (OCoLC)864228911
|
| 040 |
|
|
|a SINTU
|b eng
|c SINTU
|d OCLCO
|d GW5XE
|d OCLCF
|d UtOrBLW
|
| 049 |
|
|
|a TXAM
|
| 050 |
|
4 |
|a QD412.C9
|b C8 1987eb
|
| 072 |
|
7 |
|a PNK
|2 bicssc
|
| 072 |
|
7 |
|a SCI013030
|2 bisacsh
|
| 082 |
0 |
4 |
|a 547/.053652
|2 23
|
| 082 |
0 |
4 |
|a 540
|2 23
|
| 245 |
0 |
0 |
|a Cu Organocopper compounds :
|b index : empirical formula index and Ligand formula index for parts 1 to 4 /
|c editor, Johannes Füssel.
|
| 250 |
|
|
|a 8th ed. / 8., völlig neu bearbeitete Aufl.
|
| 264 |
|
1 |
|a Berlin :
|b Springer,
|c 1987.
|
| 300 |
|
|
|a 1 online resource (viii, 244 pages)
|
| 336 |
|
|
|a text
|b txt
|2 rdacontent
|
| 337 |
|
|
|a computer
|b c
|2 rdamedia
|
| 338 |
|
|
|a online resource
|b cr
|2 rdacarrier
|
| 490 |
1 |
|
|a Gmelin Handbook of Inorganic Chemistry / Gmelin Handbuch der Anorganischen Chemie ;
|v C-u,1-4,1-4
|
| 520 |
|
|
|a Organocopper reagents have found wide use in synthetic organic chemistry during the past few decades. Structural elucidation has not yet received much attention in organocopper chemistry and the aggregation of most products is unknown. This last volume brings to an end the series of organocopper compounds and contains an Empirical Formula and Ligand Formula Index for about 3000 organocopper compounds and reagents described in Parts 1 to 4.
|
| 500 |
|
|
|a Electronic resource.
|
| 650 |
|
0 |
|a Organocopper compounds
|v Indexes.
|
| 650 |
|
0 |
|a Chemistry, Organic
|v Indexes.
|
| 650 |
|
7 |
|a Chemistry, Organic.
|2 fast
|0 (OCoLC)fst00853501
|
| 650 |
|
7 |
|a Organocopper compounds.
|2 fast
|0 (OCoLC)fst01047934
|
| 655 |
|
7 |
|a Electronic books.
|2 local
|
| 655 |
|
7 |
|a Indexes.
|2 fast
|0 (OCoLC)fst01423761
|
| 700 |
1 |
|
|a Füssel, Johannes.
|
| 710 |
2 |
|
|a SpringerLink (Online service)
|
| 776 |
1 |
8 |
|i Printed edition:
|z 9783662116630
|
| 830 |
|
0 |
|a Gmelin Handbook of Inorganic Chemistry / Gmelin Handbuch der Anorganischen Chemie ;
|v C-u,1-4,1-4.
|
| 856 |
4 |
0 |
|u http://proxy.library.tamu.edu/login?url=https://link.springer.com/10.1007/978-3-662-11661-6
|z Connect to the full text of this electronic book
|t 0
|
| 994 |
|
|
|a 92
|b TXA
|
| 999 |
|
|
|a MARS
|
| 999 |
f |
f |
|s 9472f749-9f5f-33c2-90f3-f7cea4ac56eb
|i 8296b7b1-d02c-3022-915f-922d6a65b91e
|t 0
|
| 952 |
f |
f |
|a Texas A&M University
|b College Station
|c Electronic Resources
|s www_evans
|d Available Online
|t 0
|e QD412.C9 C8 1987eb
|h Library of Congress classification
|
| 998 |
f |
f |
|a QD412.C9 C8 1987eb
|t 0
|l Available Online
|